| 000 | 00938 am a2200241 i 4500 | ||
|---|---|---|---|
| 001 | 194849 | ||
| 003 | ES-MaBCM | ||
| 005 | 20250326081210.0 | ||
| 008 | 131114t2013 sp ||||| |||| 00| 0 spa d | ||
| 017 | _aM.20442-2013 | ||
| 020 | _a978-84-309-5855-9 | ||
| 035 | _a(OCoLC)870273731 | ||
| 040 | _cES-MaBCM | ||
| 110 | 2 |
_9120835 _aAsociación Española de Letrados de Parlamentos _b. Jornadas. _n(19ª. _d2012. _cOviedo) |
|
| 245 | 3 |
_aEl control del gobierno en democracia _b: XIX Jornadas de la Asociación Española de Letrados de Parlamentos _cFrancesc Pau i Vall (coordinador) |
|
| 260 |
_c2013 _bTecnos, _aMadrid : |
||
| 300 |
_a288 p. _c24 cm |
||
| 650 | 7 |
_aControl parlamentario _958113 |
|
| 650 | 7 |
_aRelación Gobierno - Parlamento _960077 |
|
| 700 |
_935724 _aPau i Vall, Francesc _d1953- |
||
| 856 |
_uhttps://mpr-intra.koha.es/intranet-tmpl/prog/local_repository/documents/194849.pdf _yAcceso al índice |
||
| 942 |
_cBK _2udc |
||
| 999 |
_c194849 _d194849 |
||